<?xml version="1.0" encoding="UTF-8"?>
<record
    xmlns:xsi="http://www.w3.org/2001/XMLSchema-instance"
    xsi:schemaLocation="http://www.loc.gov/MARC21/slim http://www.loc.gov/standards/marcxml/schema/MARC21slim.xsd"
    xmlns="http://www.loc.gov/MARC21/slim">

  <leader>00558nam a2200181Ia 4500</leader>
  <controlfield tag="008">151018s9999    xx            000 0 und d</controlfield>
  <datafield tag="082" ind1=" " ind2=" ">
    <subfield code="b">RBASDV35636</subfield>
    <subfield code="a">891.434</subfield>
  </datafield>
  <datafield tag="100" ind1=" " ind2=" ">
    <subfield code="a">&#x928;&#x940;&#x932;&#x93E;&#x92D;</subfield>
  </datafield>
  <datafield tag="245" ind1=" " ind2=" ">
    <subfield code="a">&#x936;&#x92C;&#x94D;&#x926;&#x94C; &#x938;&#x947;&#x928;&#x93E;&#x924;&#x93E; &#x905;&#x91F;&#x942;&#x91F; &#x939;&#x948;</subfield>
  </datafield>
  <datafield tag="250" ind1=" " ind2=" ">
    <subfield code="b">1</subfield>
  </datafield>
  <datafield tag="260" ind1=" " ind2=" ">
    <subfield code="b">&#x909;&#x92A;&#x93E;&#x938;&#x928;&#x93E;</subfield>
    <subfield code="c">2000</subfield>
  </datafield>
  <datafield tag="300" ind1=" " ind2=" ">
    <subfield code="a">135</subfield>
  </datafield>
  <datafield tag="600" ind1=" " ind2=" ">
    <subfield code="a">&#x928;&#x940;&#x932;&#x93E;&#x92D;</subfield>
  </datafield>
  <datafield tag="630" ind1=" " ind2=" ">
    <subfield code="a">&#x936;&#x92C;&#x94D;&#x926;&#x94C; &#x938;&#x947;&#x928;&#x93E;&#x924;&#x93E; &#x905;&#x91F;&#x942;&#x91F; &#x939;&#x948;</subfield>
  </datafield>
  <datafield tag="700" ind1=" " ind2=" ">
    <subfield code="a">&#x928;&#x940;&#x932;&#x93E;&#x92D;</subfield>
  </datafield>
  <datafield tag="730" ind1=" " ind2=" ">
    <subfield code="a">&#x936;&#x92C;&#x94D;&#x926;&#x94C; &#x938;&#x947;&#x928;&#x93E;&#x924;&#x93E; &#x905;&#x91F;&#x942;&#x91F; &#x939;&#x948;</subfield>
  </datafield>
  <datafield tag="942" ind1=" " ind2=" ">
    <subfield code="c">BOOK</subfield>
  </datafield>
  <datafield tag="999" ind1=" " ind2=" ">
    <subfield code="c">1035111</subfield>
    <subfield code="d">1035108</subfield>
  </datafield>
  <datafield tag="952" ind1=" " ind2=" ">
    <subfield code="0">0</subfield>
    <subfield code="1">0</subfield>
    <subfield code="4">0</subfield>
    <subfield code="7">0</subfield>
    <subfield code="a">RBASDV</subfield>
    <subfield code="b">RBASDV</subfield>
    <subfield code="d">2009-09-10</subfield>
    <subfield code="g">21.00</subfield>
    <subfield code="l">0</subfield>
    <subfield code="o">RBASDV35636</subfield>
    <subfield code="p">RBASDV35636</subfield>
    <subfield code="r">2015-10-18 00:00:00</subfield>
    <subfield code="v">21.00</subfield>
    <subfield code="w">2015-10-18</subfield>
    <subfield code="y">BOOK</subfield>
  </datafield>
</record>
